000 00394nam a22001697a 4500
999 _c11455
_d11455
003 OSt
008 220810b ||||| |||| 00| 0 eng d
020 _a9781138225602
082 _a325.3 LOC
100 _aLOOMBA, Ania
245 _aColonialism / Postcolonialism
250 _a3rd ed.
260 _aLondon
_bRoutledge
_c2015
300 _a304 p.
650 _aEnglish (H)
942 _2ddc
_cBK